LIBRARY & INFORMATION CENTRE, KCAET, TAVANUR

ONLINE PUBLIC ACCESS CATALOGUE (OPAC)

Solar drying (Record no. 15517)

MARC details
000 -LEADER
fixed length control field 00326nam a22001457a 4500
003 - CONTROL NUMBER IDENTIFIER
control field OSt
008 - FIXED-LENGTH DATA ELEMENTS--GENERAL INFORMATION
fixed length control field 180829b ||||| |||| 00| 0 eng d
020 ## - INTERNATIONAL STANDARD BOOK NUMBER
ISBN 8185167257
082 ## - DEWEY DECIMAL CLASSIFICATION NUMBER
Classification number 664.0284
Item number MAT/SO
100 ## - MAIN ENTRY--AUTHOR NAME
Personal name Mathur, A.N
245 ## - TITLE STATEMENT
Title Solar drying
260 ## - PUBLICATION, DISTRIBUTION, ETC. (IMPRINT)
Place of publication Udaipur
Name of publisher Himanshu
Year of publication 1989
300 ## - PHYSICAL DESCRIPTION
Number of Pages 228
942 ## - ADDED ENTRY ELEMENTS (KOHA)
Koha item type Books
Holdings
Withdrawn status Lost status Damaged status Home library Current library Date acquired Full call number Accession Number Koha item type
      KAUAET KAUAET 29/08/2018 664.0284 MAT/SO 18116 Books
free website counter